| 000 | 00455nam a2200157Ia 4500 | ||
|---|---|---|---|
| 008 | 210716s2002 xx 000 0 und d | ||
| 020 | _a817319100X | ||
| 041 | _aeng | ||
| 082 | _a004.22 FLYM | ||
| 100 | _aFlynn, Michael J. | ||
| 245 | _aComputer architecture: pipelined and parallel processor design. | ||
| 250 | _a1 | ||
| 260 |
_aNew Delhi _bNarosa Publishing House _c2002 |
||
| 300 | _axix,788/2013 | ||
| 650 | _aComputer Architecture/Organization | ||
| 999 |
_c194570 _d194570 |
||